000 00517nam a22001457a 4500
003 OSt
005 20240528163622.0
008 240516b ||||| |||| 00| 0 eng d
040 _cAIMIT LIBRARY
100 _aSK, Abhishek.
_9164902
245 _aA study on financial performance analysis of Panathady service Co-operative Bank ltd. Poodamkallu kerala /
_cBy Abhishek S K ; Guided by Pooja Nagpal.
650 _aFinancial performance analysis.
_9168291
700 _aNagpal, Pooja.
_eGuide
_9164903
942 _2ddc
_cPRO
999 _c230813
_d230813